000 00666cam a22002293a 4500
001 10938
003 PGUSA
005 20140828083230.0
008 040201s2004||||xxu|||||s|||||000 1 eng d
040 _aPGUSA
_beng
042 _adc
050 4 _aPS
100 1 _aCooper, James Fenimore,
_d1789-1851
245 1 4 _aThe Headsman; Or, The Abbaye des Vignerons
_h[electronic resource] /
_cJames Fenimore Cooper
260 _bProject Gutenberg,
_c2004
506 _aPublic domain in the USA.
516 _aElectronic text
653 _aSwitzerland -- Fiction
830 0 _aProject Gutenberg
_v10938
856 4 0 _uhttp://www.gutenberg.org/ebooks/10938
942 _cEB
999 _c240193
_d240193